[Event "AUTO-OPEN-1040"]
[Site "http://www.queenalice.com/game.php?id=364660"]
[Date "2008.3.3"]
[Round "1"]
[White "Naamloos"]
[Black "enzoiazolevrai"]
[Result "1-0"]
[WhiteElo "1831"]
[BlackElo "1836"]

1. d4 d5 2. c4 e6 3. Nc3 Nf6 4. cxd5 exd5 5. Bg5 Be7 6. e3 O-O 7. Nf3 c6 8. Qc2
Na6 9. Bd3 Nb4 10. Qd2 Nxd3+ 11. Qxd3 Ne4 12. Bxe7 Qxe7 13. O-O Ng5 14. Nxg5
Qxg5 15. Ne2 Bh3 16. Ng3 Be6 17. b4 b5 18. Rac1 Rac8 19. Rc2 h5 20. Rfc1 h4 21.
Ne2 h3 22. Ng3 f5 23. f4 Qg4 24. Qe2 Qxe2 25. Nxe2 hxg2 26. Rxc6 Bd7 27. Rxc8
Rxc8 28. Rxc8+ Bxc8 29. Kxg2 Kh7 30. Nc3 Bb7 31. Nxb5 Kh6 32. Kf3 a6 33. Nd6 Bc6
34. Nxf5+ 1-0

[Event "AUTO-OPEN-1040"]
[Site "http://www.queenalice.com/game.php?id=364679"]
[Date "2008.3.3"]
[Round "1"]
[White "Naamloos"]
[Black "valeriafsouza"]
[Result "0-1"]
[WhiteElo "1842"]
[BlackElo "1958"]

1. d4 Nf6 2. c4 e6 3. Nf3 d5 4. Nc3 c6 5. cxd5 exd5 6. e3 Bd6 7. Bd3 Bg4 8. O-O
O-O 9. a3 Nbd7 10. b4 a6 11. Rb1 Re8 12. a4 Ne4 13. Bd2 Nxd2 14. Qxd2 Bxf3 15.
gxf3 Qh4 16. f4 Nf6 17. f3 Re7 18. Qf2 Qh3 19. b5 axb5 20. axb5 Ra3 21. Qd2 g6
22. bxc6 bxc6 23. Ra1 Rea7 24. Rxa3 Rxa3 25. Ne2 Nh5 26. Nc3 Bb4 0-1

[Event "AUTO-OPEN-1040"]
[Site "http://www.queenalice.com/game.php?id=364680"]
[Date "2008.3.3"]
[Round "1"]
[White "valeriafsouza"]
[Black "Naamloos"]
[Result "1/2-1/2"]
[WhiteElo "1971"]
[BlackElo "1842"]

1. d4 Nf6 2. c4 e6 3. Nc3 Bb4 4. Bg5 c5 5. a3 Bxc3+ 6. bxc3 Nc6 7. Nf3 d5 8. e3
cxd4 9. cxd4 Qa5+ 10. Qd2 Ne4 11. Qxa5 Nxa5 12. c5 Nxg5 13. Nxg5 f6 14. Bb5+ Nc6
15. Nf3 O-O 16. O-O Re8 17. Rab1 e5 18. Rfe1 Bg4 19. Nd2 exd4 20. Bxc6 bxc6 21.
exd4 Rxe1+ 22. Rxe1 Kf7 23. h3 Bh5 24. g4 Bg6 25. f4 Bd3 26. Re3 Bb5 27. Rb3 Re8
28. Nf3 Re4 29. f5 Re2 1/2-1/2

[Event "Challenge"]
[Site "http://www.queenalice.com/game.php?id=367991"]
[Date "2008.3.8"]
[Round "-"]
[White "hoovain"]
[Black "Naamloos"]
[Result "0-1"]
[WhiteElo "1676"]
[BlackElo "1842"]

1. e4 c5 2. Nf3 g6 3. Nc3 Nc6 4. Bb5 Nd4 5. Nxd4 cxd4 6. Ne2 Bg7 7. O-O Nf6 8.
Nxd4 Qb6 9. e5 Qxd4 10. exf6 Qxf6 11. c3 O-O 12. d4 a6 13. Ba4 b5 14. Bb3 Bb7
15. Be3 Qc6 16. f3 a5 17. Qd3 a4 18. Bc2 a3 19. b3 Rfc8 20. Bd2 b4 21. c4 d5 22.
Bxb4 dxc4 23. Qc3 Qb6 24. Bc5 Qxc5 25. dxc5 Bxc3 26. Rad1 Rd8 27. Rc1 Bd4+ 28.
Kh1 Bxc5 29. bxc4 Rd2 30. Bb3 Rad8 31. Rcd1 Rxd1 32. Bxd1 Rd2 33. Bb3 e5 34. Rd1
Rxd1+ 35. Bxd1 f5 36. h3 e4 37. fxe4 fxe4 38. Kh2 Kg7 39. Kg3 Kf6 40. Kf4 e3 41.
g4 g5+ 42. Kg3 Bd6# 0-1

[Event "Challenge"]
[Site "http://www.queenalice.com/game.php?id=369478"]
[Date "2008.3.12"]
[Round "-"]
[White "Drica"]
[Black "Naamloos"]
[Result "0-1"]
[WhiteElo "1686"]
[BlackElo "1802"]

1. e3 d5 2. Qf3 Nf6 3. Nc3 e5 4. Nxd5 Nxd5 5. Bc4 Nf6 6. Nh3 Bg4 7. Qg3 Bd6 8.
Qh4 Nc6 9. f3 Be6 10. Bxe6 fxe6 11. b3 Nb4 12. Kd1 Qd7 13. a3 Nbd5 14. Re1 Nc3+
15. dxc3 Bb4+ 16. Bd2 Bxc3 17. Ra2 Qxd2# 0-1

[Event "AUTO-ADV-892"]
[Site "http://www.queenalice.com/game.php?id=396212"]
[Date "2008.5.1"]
[Round "1"]
[White "chessnm"]
[Black "Naamloos"]
[Result "1/2-1/2"]
[WhiteElo "1694"]
[BlackElo "1848"]

1. d4 Nf6 2. c4 e6 3. Nc3 Bb4 4. a3 Bxc3+ 5. bxc3 b6 6. Bg5 Ba6 7. e4 h6 8. Bxf6
Qxf6 9. Nf3 Nc6 10. e5 Qd8 11. Qa4 Qc8 12. Bd3 Na5 13. O-O Qb7 14. Rab1 Qc6 15.
Rb4 Qxa4 16. Rxa4 O-O 1/2-1/2

[Event "AUTO-ADV-892"]
[Site "http://www.queenalice.com/game.php?id=396213"]
[Date "2008.5.1"]
[Round "1"]
[White "Naamloos"]
[Black "chessnm"]
[Result "0-1"]
[WhiteElo "1797"]
[BlackElo "1700"]

1. d4 d5 2. c4 c6 3. Nf3 dxc4 4. e3 b5 5. a4 a6 6. axb5 cxb5 7. b3 cxb3 8. Bxb5+
Bd7 9. Bxd7+ Qxd7 10. Qxb3 Nf6 11. O-O e6 12. Ba3 Bxa3 13. Qxa3 Nd5 14. Ne5 Qe7
15. Qxe7+ Nxe7 16. Nc3 O-O 17. Rfb1 Nec6 0-1

[Event "AUTO-ADV-892"]
[Site "http://www.queenalice.com/game.php?id=396224"]
[Date "2008.5.1"]
[Round "1"]
[White "lucasitajobi"]
[Black "Naamloos"]
[Result "1-0"]
[WhiteElo "1657"]
[BlackElo "1826"]

1. e4 c5 2. d4 cxd4 3. Qxd4 Nc6 4. Qe3 g6 5. Bc4 Bg7 6. c3 Nf6 7. f3 O-O 8. Na3
Qb6 9. Qxb6 axb6 10. Nb5 Ne5 11. b3 Nxc4 12. bxc4 d6 13. Nc7 Ra4 14. Ne2 Rxc4
15. Nb5 Bd7 16. Na3 Rcc8 17. Be3 1-0

[Event "AUTO-ADV-892"]
[Site "http://www.queenalice.com/game.php?id=396225"]
[Date "2008.5.1"]
[Round "1"]
[White "Naamloos"]
[Black "lucasitajobi"]
[Result "0-1"]
[WhiteElo "1851"]
[BlackElo "1632"]

1. d4 Nf6 2. c4 d5 3. cxd5 Qxd5 4. Nc3 Qc4 5. e3 Qb4 6. a3 Qb6 7. Nf3 Bg4 8. Bd3
Nbd7 9. O-O e5 10. Be2 Bd6 11. dxe5 Nxe5 12. Nxe5 Bxe2 13. Qa4+ c6 14. Nxc6 bxc6
15. Nxe2 O-O 16. Nd4 Rac8 17. b4 c5 0-1

[Event "AUTO-ADV-892"]
[Site "http://www.queenalice.com/game.php?id=396232"]
[Date "2008.5.1"]
[Round "1"]
[White "Naamloos"]
[Black "Papageno"]
[Result "0-1"]
[WhiteElo "1865"]
[BlackElo "1843"]

1. d4 d5 2. c4 c6 3. Nf3 Nf6 4. e3 Bg4 5. Qb3 b6 6. Ne5 e6 7. cxd5 exd5 8. Nxg4
Nxg4 9. Be2 Qg5 10. Nc3 Bd6 11. e4 Qh4 12. Bxg4 Qxg4 13. O-O dxe4 14. Re1 O-O
15. Nxe4 Re8 16. Bd2 Rxe4 17. Rxe4 Qxe4 18. Re1 Qxd4 19. Re8+ Bf8 20. Qb4 Qxb4
21. Bxb4 c5 22. Bd2 f6 23. Bf4 Kf7 24. Rxb8 Rxb8 25. Bxb8 a6 26. f3 Ke6 27. Kf2
Kd5 28. Ke3 Kc4 29. Bc7 b5 30. Ba5 b4 31. Ke4 g6 32. Bc7 Bg7 33. Kf4 f5 0-1

[Event "AUTO-ADV-892"]
[Site "http://www.queenalice.com/game.php?id=396233"]
[Date "2008.5.1"]
[Round "1"]
[White "Papageno"]
[Black "Naamloos"]
[Result "0-1"]
[WhiteElo "1857"]
[BlackElo "1847"]

1. e4 c5 2. Nf3 Nc6 3. b3 d6 4. Bb2 e5 5. Nc3 Nf6 6. Bc4 Be7 7. Nd5 O-O 8. Nxe7+
Nxe7 9. h3 Nxe4 10. Nxe5 dxe5 11. Bxe5 Ng6 12. Bb2 Qh4 13. Qf3 Bg4 14. Qe3 Rae8
15. O-O Nd6 16. Qc3 Ne5 17. f4 Ne4 18. Qe3 Nxc4 19. bxc4 Ng3 0-1

[Event "569"]
[Site "http://www.queenalice.com/game.php?id=405381"]
[Date "2008.5.21"]
[Round "-"]
[White "phystutordotcom"]
[Black "Naamloos"]
[Result "1-0"]
[WhiteElo "2049"]
[BlackElo "1642"]

1. Nf3 c5 2. d3 Nc6 3. g3 g6 4. Bg2 Bg7 5. e4 Nf6 6. O-O O-O 7. Nbd2 d6 8. c3
Rb8 9. Nh4 b5 10. e5 Nxe5 11. Qe2 Bg4 12. f3 Be6 13. f4 Ned7 14. f5 Bd5 15. Ne4
Nxe4 16. dxe4 Bc4 17. Qf2 Bxf1 18. Bxf1 b4 19. c4 a5 20. Rb1 1-0

[Event "Let's Play Chess!"]
[Site "http://www.queenalice.com/game.php?id=405986"]
[Date "2008.5.21"]
[Round "-"]
[White "HelderNanques"]
[Black "Naamloos"]
[Result "1-0"]
[WhiteElo "2061"]
[BlackElo "1803"]

1. c3 d5 2. d4 Nf6 3. Bf4 e6 4. Nd2 c5 5. Ngf3 Nc6 6. e3 Be7 7. Bd3 O-O 8. O-O
a6 9. Re1 b5 10. Ne5 Nxe5 11. Bxe5 Bd6 12. Nf3 c4 13. Bc2 Bxe5 14. dxe5 Ne4 15.
Bxe4 dxe4 16. Nd4 1-0